<?xml version="1.0" encoding="UTF-8"?><?xml-stylesheet type="text/xsl" href="static/style.xsl"?><OAI-PMH xmlns="http://www.openarchives.org/OAI/2.0/" xmlns:xsi="http://www.w3.org/2001/XMLSchema-instance" xsi:schemaLocation="http://www.openarchives.org/OAI/2.0/ http://www.openarchives.org/OAI/2.0/OAI-PMH.xsd"><responseDate>2026-06-01T18:12:31Z</responseDate><request verb="GetRecord" identifier="oai:riuma.uma.es:10630/35741" metadataPrefix="marc">https://riuma.uma.es/rest/oai/request</request><GetRecord><record><header><identifier>oai:riuma.uma.es:10630/35741</identifier><datestamp>2026-02-03T10:25:42Z</datestamp><setSpec>com_10630_1685</setSpec><setSpec>col_10630_38055</setSpec></header><metadata><record xmlns="http://www.loc.gov/MARC21/slim" xmlns:dcterms="http://purl.org/dc/terms/" xmlns:doc="http://www.lyncode.com/xoai" xmlns:xsi="http://www.w3.org/2001/XMLSchema-instance" xsi:schemaLocation="http://www.loc.gov/MARC21/slim http://www.loc.gov/standards/marcxml/schema/MARC21slim.xsd">
   <leader>00925njm 22002777a 4500</leader>
   <datafield ind2=" " ind1=" " tag="042">
      <subfield code="a">dc</subfield>
   </datafield>
   <datafield ind2=" " ind1=" " tag="720">
      <subfield code="a">Jiménez Martín, Celia</subfield>
      <subfield code="e">author</subfield>
   </datafield>
   <datafield ind2=" " ind1=" " tag="260">
      <subfield code="c">2024-12-12</subfield>
   </datafield>
   <datafield ind2=" " ind1=" " tag="520">
      <subfield code="a">Con el títulos de Arqueología Emocional, presentamos un proyecto a modo de Trabajo de Fin de Grado que surge de la necesidad personal de recuperar la memoria histórica familiar y la vinculación que esta guardaba con la naturaleza debido a que habitaban en un entorno rural. Para ellos la observación del paisaje y las señales de la tierra eran vitales para la supervivencia, puesto que su alimentación dependía casi exclusivamente de lo que ellos podían generar, por tanto sus biorritmos iban acordes con los ciclos estacionales. A través de la experimentación con la fotografía artística, hemos adoptado el rol de arqueólogo para conseguir documentar los vestigios de una forma de vida que no existe en la actualidad. Nuestra intención ha sido mirar al pasado desde el presente para poder llevar a cabo una expresión plástica que nos permita darle un lugar visible a todas esas familias que vivieron con dureza los años de la Guerra Civil Española y de la posguerra. Además de la fotografía artística, hemos utilizado la escultura para completar la visión que queremos mostrar de la historia familiar a modo de alegoría de la reconstrucción de la memoria.</subfield>
   </datafield>
   <datafield ind1="8" ind2=" " tag="024">
      <subfield code="a">https://hdl.handle.net/10630/35741</subfield>
   </datafield>
   <datafield tag="653" ind2=" " ind1=" ">
      <subfield code="a">Bellas Artes - Trabajos Fin de Grado</subfield>
   </datafield>
   <datafield tag="653" ind2=" " ind1=" ">
      <subfield code="a">Grado en Bellas Artes</subfield>
   </datafield>
   <datafield tag="653" ind2=" " ind1=" ">
      <subfield code="a">Arte</subfield>
   </datafield>
   <datafield ind2="0" ind1="0" tag="245">
      <subfield code="a">Arqueología emocional</subfield>
   </datafield>
</record>
</metadata></record></GetRecord></OAI-PMH>